000 00667nam a22002417a 4500
003 UA-OsUOA
001 47207
007 ta
008 20070713b un ||||| |||| 00| 0 ukr d
100 _aАверьянова Т. В.
090 _a343.148
_bА19
942 _cBK
040 _aUA-OsUOA
_brus
_cUA-OsUOA
_dUA-OsUOA
245 _aСудебная экспертиза
_bКурс общей теории
300 _a480 с.
955 _a2
041 _arus
080 _a343.148
020 _a978-5-89123-713-1
260 _aМ.
_bНорма
_c2007
650 7 _a343 Кримінальне право. Карні порушення
_2UDC
999 _c333304
_d333304